[Event "Africa-ch U14"]
[Site "Cairo"]
[Date "2017.12.03"]
[Round "1.1"]
[White "Belaid, Koceila"]
[Black "Lutuima, Amaro"]
[Result "1-0"]
[WhiteElo "1444"]
[BlackElo "1956"]
[PlyCount "51"]
[EventDate "2017.12.03"]
[EventType "swiss"]
[EventRounds "9"]
[EventCountry "EGY"]
[SourceTitle "EXT 2024"]
[Source "ChessBase"]
[SourceDate "2023.10.10"]
[SourceVersion "1"]
[SourceVersionDate "2023.10.10"]
[SourceQuality "1"]

1. e4 c5 2. Nf3 e6 3. d4 cxd4 4. Nxd4 a6 5. Nc3 Qc7 6. Be2 Nf6 7. f4 Bb4 8. Qd3 Bxc3+ 9. bxc3 Nxe4 10. c4 Qa5+ 11. Kf1 Nc5 12. Qg3 Rf8 13. Qxg7 Ne4 14. f5 Qc3 15. Rb1 Nd2+ 16. Bxd2 Qxd2 17. Rd1 Qf4+ 18. Ke1 Nc6 19. Rf1 Qxh2 20. fxe6 dxe6 21. Nxc6 bxc6 22. Rd8+ Kxd8 23. Qxf8+ Kc7 24. Rxf7+ Bd7 25. Qxa8 Qg3+ 26. Kf1 1-0